Data Comminication (Record no. 23506)
[ view plain ]
| 000 -LEADER | |
|---|---|
| fixed length control field | 00439nam a22001817a 4500 |
| 003 - CONTROL NUMBER IDENTIFIER | |
| control field | OSt |
| 005 - DATE AND TIME OF LATEST TRANSACTION | |
| control field | 20211222152813.0 |
| 008 - FIXED-LENGTH DATA ELEMENTS--GENERAL INFORMATION | |
| fixed length control field | 211222b |||||||| |||| 00| 0 eng d |
| 020 ## - INTERNATIONAL STANDARD BOOK NUMBER | |
| International Standard Book Number | 0582245206 |
| 040 ## - CATALOGING SOURCE | |
| Transcribing agency | HU |
| 050 ## - LIBRARY OF CONGRESS CALL NUMBER | |
| Classification number | 001.644 |
| Item number | 3 |
| 082 ## - DEWEY DECIMAL CLASSIFICATION NUMBER | |
| Edition number | 2nd |
| Classification number | 001.644 |
| Item number | 3 |
| 100 ## - MAIN ENTRY--PERSONAL NAME | |
| Personal name | Green |
| 9 (RLIN) | 16761 |
| 245 ## - TITLE STATEMENT | |
| Title | Data Comminication |
| 250 ## - EDITION STATEMENT | |
| Edition statement | 2nd |
| 260 ## - PUBLICATION, DISTRIBUTION, ETC. | |
| Place of publication, distribution, etc. | London |
| Name of publisher, distributor, etc. | PEARSON |
| Date of publication, distribution, etc. | 1995 |
| 942 ## - ADDED ENTRY ELEMENTS (KOHA) | |
| Source of classification or shelving scheme | Dewey Decimal Classification |
| Koha item type | Books like text book referance book |
| Edition | 2nd |
| Item part | 3 |
| Suppress in OPAC | No |
| Withdrawn status | Lost status | Source of classification or shelving scheme | Damaged status | Not for loan | Home library | Current library | Shelving location | Date acquired | Full call number | Barcode | Date last seen | Copy number | Price effective from | Koha item type |
|---|---|---|---|---|---|---|---|---|---|---|---|---|---|---|
| Dewey Decimal Classification | IoT Library | IoT Library | General Stacks | 12/22/2021 | 001.644-GRE-1995 | IOTL0000218 | 12/22/2021 | 1 | 12/22/2021 | Books like text book referance book | ||||
| Dewey Decimal Classification | IoT Library | IoT Library | 12/23/2021 | 001.644-GRE-1995 | IOTL0000217 | 12/23/2021 | 2 | 12/23/2021 | Books like text book referance book | |||||
| Dewey Decimal Classification | IoT Library | IoT Library | 12/23/2021 | 001.644-GRE-1995 | IOTL0000219 | 12/23/2021 | 3 | 12/23/2021 | Books like text book referance book | |||||
| Dewey Decimal Classification | IoT Library | IoT Library | General Stacks | 03/11/2022 | 001.644-GRE-1995 | IOTL0016093 | 03/11/2022 | 4 | 03/11/2022 | Books like text book referance book |